Digitalizace zařízení pro ozvučování

Bibliographic Details
Main Author: Dušek, Karel, (technik) (Author)
Format: Article
Language:Czech
PhysicalDescription:Sch. 2. Res. angl.
Subjects:

MARC

LEADER 00000nab a2200000 a 4500
001 vtls000303042
003 SK-MaSNL
005 20260302215003.0
008 160201c1985 xo 0 cze
015 |a SNBRA19rr/mm-uuuuu 
035 |a CL0313161 
040 |a SNKBUCL  |b slo  |c SNKBUCL  |e AACR2 
041 0 |a cze 
044 |a xo  |c SK 
080 |a 534.86:681.84  |2 1981 
080 |a 681.84  |2 1981 
100 1 |a Dušek, Karel,  |c (technik)  |4 aut  |9 578731 
245 1 0 |a Digitalizace zařízení pro ozvučování  |c Karel Dušek 
300 |b Sch. 2. Res. angl. 
650 0 7 |a elektroakustika  |2 snkbucl  |9 28690 
655 7 |a články zo zborníkov  |2 snkbucl  |9 166140 
773 0 |t Priestorová a stavebná akustika 1  |d Bratislava : Dom techniky ČSVTS, 1985  |g S. 25-28 
850 |a Slovenská národná knižnica v Martine  |a MTA001 
852 |a SNK  |b KIS3GCP 
958 |a RK 
958 |a CZ 
992 |a RZB 
999 |c 1500413  |d 1502343